Firmen Logos A-Z #1 - Statistiken

Allgemein
  • Dieses Quiz wurde 1.447 mal gespielt
  • Das Durchschnittsergebnis liegt bei 13 aus 26
Antwortstatistiken
Bildquiz Antwort % Korrekt
DHL
94%
amazon
92%
Ford
91%
Quizduell
78%
KFC
77%
T-Mobile
77%
Warner
76%
Vans
75%
Lexus
72%
Lidl
66%
Sega
66%
Jever
60%
CNN
56%
Douglas
54%
bing
47%
Unilever
45%
Rammstein
39%
Dell
35%
Makita
35%
GMC
26%
Indiana Pacers
17%
Carlsberg
15%
A1
11%
Xerox
8%
OMV
7%
Yves Rocher
3%
Keine übereinstimmenden Quizze gefunden
Verteilung der Resultate
Anzahl Personen mit jedem Resultat
Perzentil nach korrekt beantworteten Fragen
Ihre Resultats-Entwicklung
Sie haben dieses Quiz noch nicht gespielt